Представление документа в формате MARC21

ПолеНазваниеЗначение
  Тип записи a
  Библиографический уровень m
001 Контрольный номер RU\infra-m\znanium\bibl\2181565
005 Дата корректировки 20260429142123.1
008 Кодируемые данные 251205s2024 RU g rus u
020 Индекс ISBN __
a ISBN 978-5-9614-8194-5
040 Источник каталогиз. __
a Служба первич. каталог. Общество с ограниченной ответственностью «ЗНАНИУМ»
041 Код языка издания __
a Код языка текста rus
044 Код страны публикации __
a Код страны публикации RU
080 Индекс УДК __
a Индекс УДК 15
084 Индекс другой классификации/Индекс ББК __
2 Источник индекса rubbk
a Индекс другой классификации/Индекс ББК 886
084 Индекс другой классификации/Индекс ББК __
2 Источник индекса okso
a Индекс другой классификации/Индекс ББК 37.03.01
100 Автор __
a Автор Малесик Д.
q Полное имя Малесик Джонатан
245 Заглавие __
a Заглавие Я всё! Почему мы выгораем на работе и как это изменить
b Продолж. заглавия Практическое пособие
250 Сведения об издании __
a Основные сведения об издании 1
260 Выходные данные __
a Место издания Москва
b Издательство ООО "Альпина Паблишер"
c Дата издания 2024
300 Физическое описание __
a Объем 320 с.
520 Аннотация __
a Аннотация Уже утром вы чувствуете себя уставшим. Идти на работу нет ни сил ни желания. Даже недавний отпуск не помогает. Именно это явление известное как профессиональное выгорание описывает Джонатан Малесик который сделал головокружительную карьеру но выгорел и вынужден был уволиться. Автор рассматривает выгорание как культурную проблему связанную с разрывом между нашими представлениями об идеальной работе и реальностью. Он предлагает новый взгляд на профессиональную деятельность акцентируя внимание на человеческом достоинстве сострадании и полноценном досуге. Автор рассказывает о поиске баланса между работой и духовной жизнью учит распознавать признаки эмоционального истощения и делится советами которые помогут сохранить вдохновение и с удовольствием ходить на работу.
521 Примеч. о цел. назн. __
a Примеч. о целев. назн. Дополнительное образование
650 Тематические рубрики __
a Основная рубрика Психология
x Основная подрубрика Популярная литература по психологии
655 Указ. предметных рубрик (устаревшее) __
a Жанр/ форма (устаревшее) Практическое пособие
856 Электронный адрес документа 4_
a Имя сервера/домена znanium.ru
m Помощь ebs_support@infra-m.ru
n Местонахождение сервера НИЦ ИНФРА-М
u URL https://znanium.ru/catalog/document?id=456012
856 Электронный адрес документа 48
a Имя сервера/домена znanium.ru
d Путь /cover/2181
f Электронное имя 2181565.jpg
q Тип электронного формата image/jpeg
u URL https://znanium.ru/cover/2181/2181565.jpg
911 __
u 0030=https://znanium.ru/catalog/document?id=456012